NEUE SCHREIBUNG leicht gelernt: Arbeitsheft zur Rechtschreibreform; Пособие по реформе немецкого правописания

מידע ביבליוגרפי
מחבר ראשי: Hacker R. Roland
מחברים אחרים: Hacker-Oswald R. Renate
שפה:גרמנית
יצא לאור: Stuttgart, Ernst Klett Verlag, 1998
נושאים:
פורמט: ספר
KOHA link:https://koha.lib.tpu.ru/cgi-bin/koha/opac-detail.pl?biblionumber=47630

MARC

LEADER 00000nam0a2200000 4500
001 47630
005 20231101211112.0
010 |a 312320670X 
035 |a (RuTPU)RU\TPU\book\49746 
090 |a 47630 
100 |a 20030219d1998 m y0gery50 ba 
101 0 |a ger 
102 |a DE  |a RU 
105 |a a j 001zy 
200 1 |a NEUE SCHREIBUNG leicht gelernt  |e Arbeitsheft zur Rechtschreibreform  |e Пособие по реформе немецкого правописания  |f R. Hacker, R. Hacker-Oswald 
210 |a Stuttgart  |c Ernst Klett Verlag  |a Москва  |c Mass madia  |d 1998 
215 |a 40 p.  |c il. 
320 |a Worterliste: p. 39-40 
606 1 |a Немецкий язык  |x Учебные руководства и пособия для вузов  |2 stltpush  |3 (RuTPU)RU\TPU\subj\45394  |9 64636 
610 1 |a письменная речь 
610 1 |a упражнения 
610 1 |a немецкое правописание 
610 1 |a реформы 
686 |a Ш143.24-923  |v LBC/SL-A  |2 rubbk 
700 1 |a Hacker  |b R.  |g Roland 
701 1 |a Hacker-Oswald  |b R.  |g Renate 
801 1 |a RU  |b 63413507  |c 20030219  |g PSBO 
801 2 |a RU  |b 63413507  |c 20180530  |g PSBO 
942 |c BK